Projectes d'inversió / organització i coordinació: Intervenció General, Servei d'Assistència a la Gestió Econòmica Local ; documentació realitzada per: Miquel Mascaró Gomila organització i coordinació: Intervenció General, Servei d'Assistència a la Gestió Econòmica Local ; documentació realitzada per: Miquel Mascaró Gomila
Publicado:
Barcelona :
Diputació de Barcelona. Àrea d'Hisenda i Recursos Interns. Intervenció General. Servei d'Assistència a la Gestió Econòmica Local ,
2013
Descripción Física:
75 pàgines : il·lustracions ; 30 cm
Materias:
Inversions -- Manuals, guies, etc.
Idioma:
Catalán
MARC
| LEADER | 00000nam a2200000 a 4500 | ||
|---|---|---|---|
| 001 | 26074 | ||
| 008 | 220628b spa||||| |||| 00| 0 cat d | ||
| 080 | |a Bib-714 | ||
| 100 | |a Mascaró Gomila, Miquel |9 2228 | ||
| 245 | |a Projectes d'inversió / |b organització i coordinació: Intervenció General, Servei d'Assistència a la Gestió Econòmica Local ; documentació realitzada per: Miquel Mascaró Gomila | ||
| 260 | |a Barcelona : |b Diputació de Barcelona. Àrea d'Hisenda i Recursos Interns. Intervenció General. Servei d'Assistència a la Gestió Econòmica Local, |c [2013] | ||
| 300 | |a 75 pàgines : |b il·lustracions ; |c 30 cm | ||
| 650 | 0 | |a Inversions |x Manuals, guies, etc. |9 28621 |2 Arxiu | |
| 710 | 1 | |a Barcelona (Catalunya : Província). |b Servei d’Assistència a la Gestió Econòmica Local |9 53081 | |
| 901 | |a Arxiu | ||
| 942 | |n 1 |2 udc |c ARXIU | ||
| 952 | |0 0 |1 0 |4 0 |6 BIB714 |7 1 |9 62555 |a Arxiu |b Arxiu |d 2022-06-28 |l 0 |o Bib-714 |p 26074 |r 2022-06-28 00:00:00 |w 2022-06-28 |y ARXIU | ||
| 999 | |c 82154 |d 82154 | ||